Building and applying the database for rubber estate nutrient information manage system based on mapInfo software (Record no. 55009)

MARC details
000 -LEADER
fixed length control field 00723nam a2200229Ia 4500
100 ## - MAIN ENTRY--AUTHOR NAME
Personal name Wei Luo
245 #0 - TITLE STATEMENT
Title Building and applying the database for rubber estate nutrient information manage system based on mapInfo software
260 ## - PUBLICATION, DISTRIBUTION, ETC. (IMPRINT)
Name of publisher IRRDB Natural Rubber Conference 2008, 13-15 October 2008, Kuala Lumpur, Malaysia: Abstract of papers
500 ## - GENERAL NOTE
General note Source Year: 2008
650 ## - SUBJECT ADDED ENTRY--TOPICAL TERM
Topical Term Database
650 ## - SUBJECT ADDED ENTRY--TOPICAL TERM
Topical Term Fertilizer decision
650 ## - SUBJECT ADDED ENTRY--TOPICAL TERM
Topical Term Information manage system
650 ## - SUBJECT ADDED ENTRY--TOPICAL TERM
Topical Term MapInfo
650 ## - SUBJECT ADDED ENTRY--TOPICAL TERM
Topical Term Rubber estate
700 ## - ADDED ENTRY--PERSONAL NAME
Personal name Pei-song
700 ## - ADDED ENTRY--PERSONAL NAME
Personal name Qing-huo Lin
700 ## - ADDED ENTRY--PERSONAL NAME
Personal name Zhao-mu Lin
700 ## - ADDED ENTRY--PERSONAL NAME
Personal name Zheng-zao
856 ## - ELECTRONIC LOCATION AND ACCESS
Uniform Resource Identifier Abst only
942 ## - ADDED ENTRY ELEMENTS (KOHA)
Koha item type Journals
Holdings
Withdrawn status Lost status Damaged status Not for loan Home library Current library Shelving location Date acquired Koha item type
      Journals RRII Library RRII Library Plant pathology 29/01/2009 Journals